000
00300nam a2200133Ia 4500
005
20251222144732.0
008
251222s9999||||xx |||||||||||||| ||spa||
020
_a
84-310-2670-7
082
_a
781.68/S71
100
_a
Sotillos, E.Borrell, A.
245
0
_a
Mozart:
264
_b
Toray
942
_c
LIB
999
_c
18620
_d
18620